| 000 | 00919nam a2200217Ia 4500 | ||
|---|---|---|---|
| 999 |
_c40139 _d40139 |
||
| 001 | 6745 | ||
| 003 | GE_BSU | ||
| 005 | 20191224161851.0 | ||
| 008 | 181216s1953||||ge |||||||||||||| ||geo|| | ||
| 040 | _cGE_BSU | ||
| 041 | _ageo | ||
| 080 | _a821.353.1-1 გ-44 | ||
| 100 |
_aგვარიშვილი, ნანა. _95921 |
||
| 245 |
_aჩვენი ქვეყნის ქალიშვილები : _bლექსები / _cნანა გვარიშვილი ; რედ. ი. ნონეშვილი. |
||
| 264 |
_aბათუმი : _bსახელმწიფო გამომცემლობა, _c1953. |
||
| 300 |
_a132 გვ. ; _c17 სმ. |
||
| 653 | _aლექსები | ||
| 653 | _aჩვენი ქვეყნის ქალიშვილები | ||
| 700 |
_aნონეშვილი, ი. _eრედაქტორი _94084 |
||
| 942 |
_cBK _2udc |
||